<?xml version='1.0' encoding='UTF-8'?>
  <record xmlns="http://www.loc.gov/MARC21/slim">
    <leader>00000cam a22000007i 4500</leader>
    <controlfield tag="001">ocn902599011</controlfield>
    <controlfield tag="003">OCoLC</controlfield>
    <controlfield tag="005">20250929010149.6</controlfield>
    <controlfield tag="008">150130s1581    gw ai         001 0 ger d</controlfield>
    <datafield tag="040" ind1=" " ind2=" ">
      <subfield code="a">NLGGC</subfield>
      <subfield code="b">eng</subfield>
      <subfield code="e">rda</subfield>
      <subfield code="e">dcrmr</subfield>
      <subfield code="c">NLGGC</subfield>
      <subfield code="d">QGJ</subfield>
      <subfield code="d">OCLCO</subfield>
      <subfield code="d">OCLCA</subfield>
      <subfield code="d">OCLCL</subfield>
      <subfield code="d">OCLCO</subfield>
    </datafield>
    <datafield tag="029" ind1="0" ind2=" ">
      <subfield code="a">NLGGC</subfield>
      <subfield code="b">388955260</subfield>
    </datafield>
    <datafield tag="035" ind1=" " ind2=" ">
      <subfield code="a">(OCoLC)902599011</subfield>
    </datafield>
    <datafield tag="041" ind1="1" ind2=" ">
      <subfield code="a">ger</subfield>
      <subfield code="h">lat</subfield>
    </datafield>
    <datafield tag="245" ind1="0" ind2="0">
      <subfield code="a">Concordia :</subfield>
      <subfield code="b">Christliche, widerholete, einmütige Bekentnüs nachbenanter Churfürsten, Fürsten vnd Stende Augspurgischer Confession, vnd derselben zu Ende des Buchs vnterschriebener Theologen, Lere vnd Glaubens. Mit angeheffter in Gottes Wort, als der einigen Richtschnur, wolgegründter erklerung etlicher Artickel, bey welchen nach D. Martin Luthers seligen absterben, Disputation vnd streit vorgefallen.</subfield>
    </datafield>
    <datafield tag="246" ind1="3" ind2="0">
      <subfield code="a">Christliche, widerholete, einmütige Bekentnüs nachbenanter Churfürsten, Fürsten und Stende Augspurgischer Confession, und derselben zu Ende des Buchs unterschriebener Theologen, Lere und Glaubens.</subfield>
    </datafield>
    <datafield tag="264" ind1=" " ind2="1">
      <subfield code="a">Gedruckt zu Magdeburgk :</subfield>
      <subfield code="b">durch Johann Meiszner, und Joachim Walden Erben,</subfield>
      <subfield code="c">M.D. LXXXI. [1581]</subfield>
    </datafield>
    <datafield tag="300" ind1=" " ind2=" ">
      <subfield code="a">[16], 384, [56], xxvii leaves :</subfield>
      <subfield code="b">illustrations, coat of arms ;</subfield>
      <subfield code="c">20 cm (4to).</subfield>
    </datafield>
    <datafield tag="336" ind1=" " ind2=" ">
      <subfield code="a">text</subfield>
      <subfield code="b">txt</subfield>
      <subfield code="2">rdacontent</subfield>
    </datafield>
    <datafield tag="337" ind1=" " ind2=" ">
      <subfield code="a">unmediated</subfield>
      <subfield code="b">n</subfield>
      <subfield code="2">rdamedia</subfield>
    </datafield>
    <datafield tag="338" ind1=" " ind2=" ">
      <subfield code="a">volume</subfield>
      <subfield code="b">nc</subfield>
      <subfield code="2">rdacarrier</subfield>
    </datafield>
    <datafield tag="340" ind1=" " ind2=" ">
      <subfield code="m">4to</subfield>
      <subfield code="2">rdabf</subfield>
    </datafield>
    <datafield tag="500" ind1=" " ind2=" ">
      <subfield code="a">Signatures: [cross]⁸ [three-leaf clover]⁸ A-T⁸ V¹⁰ X-Z⁸ a-z⁸ Aa⁸ Bb⁶ Cc⁸ ²A-²M⁴ ³A-³C⁸ D⁴. D4 is blank.</subfield>
    </datafield>
    <datafield tag="500" ind1=" " ind2=" ">
      <subfield code="a">Printers' names from title page of Summarischer Begriff, der streitigen Artickell, zwischen den Theologen Augszpurgischer Confession.</subfield>
    </datafield>
    <datafield tag="500" ind1=" " ind2=" ">
      <subfield code="a">Initials and printed marginalia.</subfield>
    </datafield>
    <datafield tag="500" ind1=" " ind2=" ">
      <subfield code="a">Tail-pieces</subfield>
    </datafield>
    <datafield tag="500" ind1=" " ind2=" ">
      <subfield code="a">Numerous errors in pagination.</subfield>
    </datafield>
    <datafield tag="500" ind1=" " ind2=" ">
      <subfield code="a">Title page in red and black.</subfield>
    </datafield>
    <datafield tag="500" ind1=" " ind2=" ">
      <subfield code="a">Illustrations consist of a woodcut with in the border "M.D. LXXX" and the motto "verbum domini manet in aeternum" and a woodcut with the coat of arms of the city of Magdeburg.</subfield>
    </datafield>
    <datafield tag="500" ind1=" " ind2=" ">
      <subfield code="a">The "Apologia der Confession" by Philip Melanchthon is translated by Justus Jonas.</subfield>
    </datafield>
    <datafield tag="500" ind1=" " ind2=" ">
      <subfield code="a">Contains also, with separate title page: Summarischer Begriff, der streitigen Artickell, zwischen den Theologen Augszpurgischer Confession.</subfield>
    </datafield>
    <datafield tag="500" ind1=" " ind2=" ">
      <subfield code="a">Date in approbation: July 1580.</subfield>
    </datafield>
    <datafield tag="500" ind1=" " ind2=" ">
      <subfield code="a">On title page of Summarischer Begriff ...: Gedruckt zu Magdeburg, durch Johann Meiszner, und Joachim Walden Erben, anno 1580.</subfield>
    </datafield>
    <datafield tag="500" ind1=" " ind2=" ">
      <subfield code="a">Contains also, with separate title page, paging and signatures: Appendix. Vorzeichnus der Zeugnissen heiliger Schrifft, und der alten reinen Kirchen Lerer. Year on title page 1580.</subfield>
    </datafield>
    <datafield tag="500" ind1=" " ind2=" ">
      <subfield code="a">Contains also, with separate title page: Gründliche, lautere, richtige und endliche erkleklerung etlicher Artickel Augspurgischer Confession, in welchen eine zeitlang, unter etlichen Theologen derselbigen zugethan, streit vorgefallen, nach anleitung GOttes Worts, und Summarischem inhalt unser Lehr beygelegt und verglichen.</subfield>
    </datafield>
    <datafield tag="500" ind1=" " ind2=" ">
      <subfield code="a">On title page of Gründliche (...) erklerung ...: Gedruckt zu Magdeburgk. Anno M.D. LXXX.</subfield>
    </datafield>
    <datafield tag="505" ind1="2" ind2="0">
      <subfield code="t">Das Symbolum Apostolicum --</subfield>
      <subfield code="t">Das Symbolum Nicenum --</subfield>
      <subfield code="t">Das Symbolum Athenasii --</subfield>
      <subfield code="t">Die Augspurgische Confeszion --</subfield>
      <subfield code="t">Die Apologia derselben --</subfield>
      <subfield code="t">Die Schmalkaldischen Artikel --</subfield>
      <subfield code="t">Der kleine Cathechismus Lutheri --</subfield>
      <subfield code="t">Der Grosze Cathechismus Lutheri --</subfield>
      <subfield code="t">Summarischer Begriff derverglichenē Artickel zwischen etlichen Theologen Augspurgischer Confeszion biszher streitig gewesen --</subfield>
      <subfield code="t">Gründliche und entliche wiederholung derselben Artickel --</subfield>
      <subfield code="t">Nach diesen volgen die unterschriebenen namen, vnd die vorzeichnüs aus den Vätern.</subfield>
    </datafield>
    <datafield tag="510" ind1="4" ind2=" ">
      <subfield code="a">Verzeichnis der im deutschen Sprachbereich erschienenen Drucke des 16. Jahrhunderts (VD 16),</subfield>
      <subfield code="c">K 1998 (cf.)</subfield>
    </datafield>
    <datafield tag="510" ind1="3" ind2=" ">
      <subfield code="a">Not in: Verzeichnis der im deutschen Sprachbereich erschienenen Drucke des 16. Jahrhunderts (VD 16)</subfield>
    </datafield>
    <datafield tag="600" ind1="1" ind2="0">
      <subfield code="a">Luther, Martin,</subfield>
      <subfield code="d">1483-1546.</subfield>
    </datafield>
    <datafield tag="650" ind1=" " ind2="0">
      <subfield code="a">Lutheran Church</subfield>
      <subfield code="z">Germany</subfield>
      <subfield code="v">Early works to 1800.</subfield>
    </datafield>
    <datafield tag="650" ind1=" " ind2="0">
      <subfield code="a">Lutheran Church</subfield>
      <subfield code="v">Catechisms</subfield>
      <subfield code="x">Doctrines.</subfield>
    </datafield>
    <datafield tag="650" ind1=" " ind2="0">
      <subfield code="a">Lutheran Church</subfield>
      <subfield code="v">Creeds.</subfield>
    </datafield>
    <datafield tag="650" ind1=" " ind2="0">
      <subfield code="a">Reformation</subfield>
      <subfield code="z">Germany.</subfield>
    </datafield>
    <datafield tag="630" ind1="0" ind2="0">
      <subfield code="a">Augsburg Confession.</subfield>
    </datafield>
    <datafield tag="650" ind1=" " ind2="6">
      <subfield code="a">Église luthérienne</subfield>
      <subfield code="z">Allemagne</subfield>
      <subfield code="v">Ouvrages avant 1800.</subfield>
    </datafield>
    <datafield tag="650" ind1=" " ind2="6">
      <subfield code="a">Église luthérienne</subfield>
      <subfield code="v">Catéchismes</subfield>
      <subfield code="x">Doctrines.</subfield>
    </datafield>
    <datafield tag="650" ind1=" " ind2="6">
      <subfield code="a">Église luthérienne</subfield>
      <subfield code="v">Symboles de foi.</subfield>
    </datafield>
    <datafield tag="630" ind1="0" ind2="7">
      <subfield code="a">Augsburg Confession</subfield>
      <subfield code="2">fast</subfield>
    </datafield>
    <datafield tag="650" ind1=" " ind2="7">
      <subfield code="a">Reformation</subfield>
      <subfield code="2">fast</subfield>
    </datafield>
    <datafield tag="651" ind1=" " ind2="7">
      <subfield code="a">Germany</subfield>
      <subfield code="2">fast</subfield>
      <subfield code="1">https://id.oclc.org/worldcat/entity/E39PBJtCD3rcKcPDx6FHmjvrbd</subfield>
    </datafield>
    <datafield tag="650" ind1=" " ind2="7">
      <subfield code="a">Theologie</subfield>
      <subfield code="2">gnd</subfield>
    </datafield>
    <datafield tag="650" ind1=" " ind2="7">
      <subfield code="a">Symbolik</subfield>
      <subfield code="g">Theologie</subfield>
      <subfield code="2">gnd</subfield>
    </datafield>
    <datafield tag="655" ind1=" " ind2="7">
      <subfield code="a">Early works</subfield>
      <subfield code="2">fast</subfield>
    </datafield>
    <datafield tag="700" ind1="1" ind2="2">
      <subfield code="i">Container of (expression)</subfield>
      <subfield code="a">Melanchthon, Philip,</subfield>
      <subfield code="d">1497-1560.</subfield>
      <subfield code="t">Apologia Confessionis Augustanae.</subfield>
      <subfield code="l">German.</subfield>
    </datafield>
    <datafield tag="700" ind1="1" ind2="2">
      <subfield code="i">Container of (work)</subfield>
      <subfield code="a">Luther, Martin,</subfield>
      <subfield code="d">1483-1546.</subfield>
      <subfield code="t">Schmalkaldischen Artikel.</subfield>
    </datafield>
    <datafield tag="700" ind1="1" ind2="2">
      <subfield code="i">Container of (work)</subfield>
      <subfield code="a">Luther, Martin,</subfield>
      <subfield code="d">1483-1546.</subfield>
      <subfield code="t">Kleine Katechismus.</subfield>
    </datafield>
    <datafield tag="700" ind1="1" ind2="2">
      <subfield code="i">Container of (work)</subfield>
      <subfield code="a">Luther, Martin,</subfield>
      <subfield code="d">1483-1546.</subfield>
      <subfield code="t">Grosse Katechismus.</subfield>
    </datafield>
    <datafield tag="700" ind1="1" ind2=" ">
      <subfield code="a">Jonas, Justus,</subfield>
      <subfield code="d">1493-1555,</subfield>
      <subfield code="e">translator.</subfield>
      <subfield code="4">trl</subfield>
      <subfield code="1">https://id.oclc.org/worldcat/entity/E39PBJjRRWGpTMTy6pBtDFx7HC</subfield>
    </datafield>
    <datafield tag="700" ind1="1" ind2=" ">
      <subfield code="a">Meissner, Johann,</subfield>
      <subfield code="e">printer.</subfield>
      <subfield code="4">prt</subfield>
      <subfield code="1">https://id.oclc.org/worldcat/entity/E39PCjxJmJfxM6PQ6drYhVKRPP</subfield>
    </datafield>
    <datafield tag="700" ind1="1" ind2=" ">
      <subfield code="a">Frantzen, Thomas,</subfield>
      <subfield code="e">licensee</subfield>
      <subfield code="4">lse</subfield>
    </datafield>
    <datafield tag="700" ind1="0" ind2=" ">
      <subfield code="a">Joachim Friedrich,</subfield>
      <subfield code="c">Elector of Brandenburg,</subfield>
      <subfield code="d">1546-1608,</subfield>
      <subfield code="e">censor.</subfield>
      <subfield code="4">cns</subfield>
      <subfield code="1">https://id.oclc.org/worldcat/entity/E39PBJfh4pCmJYXrBTr368F7pP</subfield>
    </datafield>
    <datafield tag="710" ind1="2" ind2=" ">
      <subfield code="a">Joachim Walde Erben,</subfield>
      <subfield code="e">printer.</subfield>
      <subfield code="4">prt</subfield>
      <subfield code="1">https://id.oclc.org/worldcat/entity/E39QH7JmrXYKkJT9W6CkHYjWPF</subfield>
    </datafield>
    <datafield tag="740" ind1="0" ind2=" ">
      <subfield code="a">Summarischer Begriff, der streitigen Artickell, zwischen den Theologen Augszpurgischer Confession.</subfield>
    </datafield>
    <datafield tag="740" ind1="0" ind2=" ">
      <subfield code="a">Appendix. Vorzeichnus der Zeugnissen heiliger Schrifft, und der alten reinen Kirchen Lerer.</subfield>
    </datafield>
    <datafield tag="740" ind1="0" ind2=" ">
      <subfield code="a">Gründliche, lautere, richtige und endliche erkleklerung etlicher Artickel Augspurgischer Confession, in welchen eine zeitlang, unter etlichen Theologen derselbigen zugethan, streit vorgefallen, nach anleitung GOttes Worts, und Summarischem inhalt unser Lehr beygelegt und verglichen.</subfield>
    </datafield>
    <datafield tag="752" ind1=" " ind2=" ">
      <subfield code="a">Germany</subfield>
      <subfield code="d">Magdeburg,</subfield>
      <subfield code="e">publication place.</subfield>
      <subfield code="4">pup</subfield>
    </datafield>
  </record>